[Event "SRB-ch Central int"]
[Site "Dimitrovgrad"]
[Date "2023.08.24"]
[Round "6"]
[White "Sabuk, Piotr"]
[Black "Panic, Anastasija"]
[Result "1-0"]
[WhiteElo "2391"]
[BlackElo "1757"]
[PlyCount "79"]
[EventDate "2023.08.20"]
[EventType "swiss"]
[EventRounds "9"]
[EventCountry "BUL"]
[SourceTitle "CBM 215 Extra"]
[Source "ChessBase"]
[SourceDate "2023.09.30"]
[SourceVersion "1"]
[SourceVersionDate "2023.09.30"]
[SourceQuality "1"]

1. e4 c5 2. Nf3 Nc6 3. d4 cxd4 4. Nxd4 g6 5. c4 Nf6 6. Nc3 d6 7. f3 Nxd4 8. Qxd4 Bg7 9. Be3 0-0 10. Qd2 a5 11. Be2 a4 12. 0-0 Qa5 13. Rab1 Bd7 14. Rfc1 Rfc8 15. Rc2 Bc6 16. b4 axb3 17. axb3 Qb4 18. Qc1 Nd7 19. Na2 Qa3 20. b4 Qxc1+ 21. Nxc1 Ra3 22. Kf2 Ba4 23. Rd2 Ne5 24. c5 Rc3 25. Na2 Rc2 26. Rxc2 Bxc2 27. Rc1 Nd3+ 28. Bxd3 Bxd3 29. cxd6 Rxc1 30. d7 Rf1+ 31. Kg3 Be5+ 32. Bf4 Bxf4+ 33. Kxf4 Bc4 34. d8Q+ Kg7 35. Qd4+ e5+ 36. Qxe5+ Kh6 37. Nc3 Rh1 38. Qc5 Be6 39. Qf8+ Kh5 40. g4+ 1-0

[Event "Novi Sad Serbia op-B"]
[Site "Novi Sad"]
[Date "2022.07.02"]
[Round "5"]
[White "Korkmaz, Necmettin"]
[Black "Panic, Anastasija"]
[Result "1-0"]
[WhiteElo "2016"]
[BlackElo "1814"]
[PlyCount "59"]
[EventDate "2022.06.28"]
[EventType "swiss"]
[EventRounds "9"]
[EventCountry "SRB"]
[SourceTitle "EXT 2023"]
[Source "ChessBase"]
[SourceDate "2022.10.05"]
[SourceVersion "1"]
[SourceVersionDate "2022.10.05"]
[SourceQuality "1"]

1. e4 c5 2. Nc3 a6 3. f4 b5 4. Nf3 Bb7 5. d3 e6 6. g3 b4 7. Ne2 d5 8. exd5 Bxd5 9. Bg2 h5 10. 0-0 Nh6 11. c4 Bc6 12. h3 Nf5 13. Kh2 Nd7 14. d4 Nf6 15. d5 Ng4+ 16. Kg1 Nge3 17. Bxe3 Nxe3 18. Qb3 Nxf1 19. dxc6 Nd2 20. Nxd2 Qxd2 21. Rd1 Qxe2 22. Bf3 Qxd1+ 23. Qxd1 Ra7 24. Qa4 Kd8 25. Bxh5 Be7 26. Kg2 Kc7 27. Bf3 Rha8 28. Qc2 g6 29. h4 f5 30. Qe2 1-0

[Event "SRB-ch sf (Women)"]
[Site "Paracin"]
[Date "2021.03.17"]
[Round "2"]
[White "Dimitrijevic, Andjela"]
[Black "Panic, Anastasija"]
[Result "1-0"]
[WhiteElo "1830"]
[BlackElo "1868"]
[PlyCount "123"]
[EventDate "2021.03.16"]
[EventType "swiss"]
[EventRounds "9"]
[EventCountry "SRB"]
[SourceTitle "CBM 201 Extra"]
[Source "ChessBase"]
[SourceDate "2021.05.31"]
[SourceVersion "1"]
[SourceVersionDate "2021.05.31"]
[SourceQuality "1"]

1. e4 c5 2. Nf3 d6 3. c3 Nf6 4. h3 Nc6 5. Bd3 e5 6. 0-0 Be7 7. Bc2 h6 8. Re1 Qc7 9. a3 Be6 10. d3 0-0-0 11. b4 g5 12. d4 g4 13. d5 gxf3 14. Qxf3 Bd7 15. dxc6 Qxc6 16. bxc5 dxc5 17. c4 Rdg8 18. Kh2 h5 19. Nc3 Rg7 20. Ba4 Qe6 21. Bxd7+ Nxd7 22. Nd5 Rhg8 23. Rg1 h4 24. Rb1 Nb6 25. Nxb6+ axb6 26. Qf5 Qxf5 27. exf5 Kc7 28. Bb2 Bd6 29. Rbe1 f6 30. Re4 Rg5 31. g4 Rf8 32. Kg2 Kc6 33. Rd1 Rgg8 34. Kf3 Rd8 35. Ke2 b5 36. Bc3 b4 37. Bb2 b5 38. axb4 cxb4 39. f4 bxc4 40. Rxc4+ Kb5 41. Re4 Bc7 42. Rb1 Ra8 43. fxe5 fxe5 44. f6 Ra2 45. Kd3 Ra6 46. Bxe5 Rd8+ 47. Ke3 Ra3+ 48. Kf4 Bxe5+ 49. Rxe5+ Kc6 50. Rxb4 Rxh3 51. Rc4+ Kb6 52. f7 Rf8 53. Rf5 Rh1 54. Kg5 h3 55. Kg6 h2 56. Rc2 Rg1 57. Rxh2 Rxg4+ 58. Kf6 Rd8 59. Ke7 Ra8 60. Rh6+ Kb7 61. Rb5+ Ka7 62. Rd6 1-0

[Event "SRB-ch sf (Women)"]
[Site "Paracin"]
[Date "2021.03.16"]
[Round "1"]
[White "Panic, Anastasija"]
[Black "Drljevic, Ljilja"]
[Result "0-1"]
[WhiteElo "1868"]
[BlackElo "2200"]
[PlyCount "69"]
[EventDate "2021.03.16"]
[EventType "swiss"]
[EventRounds "9"]
[EventCountry "SRB"]
[SourceTitle "CBM 201 Extra"]
[Source "ChessBase"]
[SourceDate "2021.05.31"]
[SourceVersion "1"]
[SourceVersionDate "2021.05.31"]
[SourceQuality "1"]

1. e4 g6 2. d4 Bg7 3. Nc3 d6 4. Be3 a6 5. h4 h6 6. Qd2 Nd7 7. 0-0-0 b5 8. Nge2 Bb7 9. f3 Rc8 10. Kb1 c5 11. dxc5 Nxc5 12. Bd4 Nf6 13. Nd5 Bxd5 14. exd5 Ncd7 15. h5 g5 16. Ng3 Qc7 17. Nf5 Bf8 18. Re1 Ne5 19. Bxe5 dxe5 20. a4 bxa4 21. Bxa6 Rb8 22. Re3 Qb6 23. Bb5+ Qxb5 24. c4 Qc5 25. Rxe5 a3 26. Qe3 Rxb2+ 27. Ka1 Qb4 28. Qd4 Qb3 29. Nd6+ Kd7 30. Qa7+ Kxd6 31. c5+ Kxe5 32. Re1+ Kxd5 33. Qa8+ Kd4 34. Qd8+ Nd5 35. Re4+ 0-1

[Event "SRB-chT (Women)"]
[Site "Kragujevac"]
[Date "2016.09.29"]
[Round "8.4"]
[White "Panic, Anastasija"]
[Black "Nikolova, Adriana"]
[Result "0-1"]
[WhiteElo "1850"]
[BlackElo "2358"]
[PlyCount "102"]
[EventDate "2016.09.22"]
[EventType "team-tourn"]
[EventRounds "11"]
[EventCountry "SRB"]
[SourceTitle "CBM 174 Extra"]
[Source "ChessBase"]
[SourceDate "2016.10.10"]
[SourceVersion "1"]
[SourceVersionDate "2016.10.10"]
[SourceQuality "1"]
[WhiteTeam "Lestane (W)"]
[BlackTeam "Cuprija Radnicki (W)"]
[WhiteTeamCountry "SRB"]
[BlackTeamCountry "SRB"]

1. Nf3 d5 2. g3 Nf6 3. Bg2 e6 4. 0-0 b5 5. b3 Nbd7 6. Bb2 Be7 7. d3 c5 8. e3 b4 9. a3 bxa3 10. Nxa3 0-0 11. c4 Qb6 12. Nb5 a6 13. Nd2 Bb7 14. Nc3 Rfd8 15. Na4 Qc7 16. Qe2 Bc6 17. Bc3 Qb7 18. Ba5 Rdb8 19. Rfb1 h6 20. f3 Nh7 21. f4 Bf6 22. Ra2 Bd8 23. Bc3 a5 24. Rc1 Rc8 25. Rb1 Ra7 26. Qe1 Nhf6 27. Nf1 Rb8 28. Nd2 Ne8 29. g4 Ra6 30. Nb2 Qa7 31. Na4 d4 32. Ba1 Bxg2 33. Kxg2 Bc7 34. Qf2 e5 35. f5 Nef6 36. h3 g6 37. Rg1 Qb7+ 38. e4 g5 39. Bb2 Kf8 40. Ba3 Bd6 41. Kf1 Ke7 42. Ke2 Rh8 43. h4 gxh4 44. Qxh4 Raa8 45. Raa1 Rag8 46. Rg2 Rh7 47. Rag1 Rhg7 48. Qh2 Rg5 49. Qh3 h5 50. gxh5 Rxh5 51. Qf3 Rgh8 0-1

[Event "SRB-chT (Women)"]
[Site "Kragujevac"]
[Date "2016.09.28"]
[Round "7.1"]
[White "Voiska, Margarita"]
[Black "Panic, Anastasija"]
[Result "1-0"]
[WhiteElo "2290"]
[BlackElo "1850"]
[PlyCount "45"]
[EventDate "2016.09.22"]
[EventType "team-tourn"]
[EventRounds "11"]
[EventCountry "SRB"]
[SourceTitle "CBM 174 Extra"]
[Source "ChessBase"]
[SourceDate "2016.10.10"]
[SourceVersion "1"]
[SourceVersionDate "2016.10.10"]
[SourceQuality "1"]
[WhiteTeam "Zlatar (W)"]
[BlackTeam "Lestane (W)"]
[WhiteTeamCountry "SRB"]
[BlackTeamCountry "SRB"]

1. d4 Nf6 2. c4 e6 3. Nc3 Bb4 4. e3 b6 5. Bd3 Bb7 6. Nf3 0-0 7. 0-0 Bxc3 8. bxc3 Ne4 9. Qc2 f5 10. Nd2 Nf6 11. f3 d6 12. e4 fxe4 13. Nxe4 Nxe4 14. Bxe4 Bxe4 15. Qxe4 Qd7 16. Qxa8 c6 17. d5 exd5 18. cxd5 c5 19. Re1 Rc8 20. Bf4 Na6 21. Re7 Qd8 22. Qb7 Nc7 23. Rae1 1-0

[Event "SRB-chT (Women)"]
[Site "Kragujevac"]
[Date "2015.08.29"]
[Round "10.4"]
[White "Maksimovic, Suzana"]
[Black "Panic, Anastasija"]
[Result "1-0"]
[WhiteElo "2223"]
[BlackElo "1879"]
[PlyCount "83"]
[EventDate "2015.08.20"]
[EventType "team-tourn"]
[EventRounds "11"]
[EventCountry "SRB"]
[SourceTitle "EXT 2016"]
[Source "ChessBase"]
[SourceDate "2015.10.08"]
[SourceVersion "1"]
[SourceVersionDate "2015.10.08"]
[SourceQuality "1"]
[WhiteTeam "Kac Jugovic (W)"]
[BlackTeam "Lestane (W)"]
[WhiteTeamCountry "SRB"]
[BlackTeamCountry "SRB"]

1. d4 Nf6 2. Nf3 e6 3. Bf4 c5 4. e3 Qa5+ 5. c3 cxd4 6. exd4 d5 7. Nbd2 Nc6 8. Bd3 Be7 9. 0-0 Nh5 10. Nb3 Qd8 11. Bd2 Bd6 12. Ne5 Bxe5 13. dxe5 g6 14. Qe2 Ng7 15. f4 0-0 16. Be3 b6 17. Rad1 Qe7 18. Nd4 Bb7 19. Bf2 Rfe8 20. g4 f5 21. exf6 Qxf6 22. Nxc6 Bxc6 23. Bd4 Qh4 24. Qg2 Bd7 25. Be5 Qe7 26. Rde1 Rf8 27. Bd4 Qd6 28. Re5 Rf7 29. Qg3 Raf8 30. h4 Be8 31. h5 Bd7 32. hxg6 Rf6 33. gxh7+ Kh8 34. Rg5 R6f7 35. Qh2 Qe7 36. Qh6 Bc8 37. Rg6 Bd7 38. Re1 Bc8 39. Kg2 Qb7 40. Qg5 Qe7 41. Rxg7 Rxg7 42. Qxe7 1-0

[Event "SRB-chT (Women)"]
[Site "Kragujevac"]
[Date "2015.08.20"]
[Round "1.3"]
[White "Injac, Teodora"]
[Black "Panic, Anastasija"]
[Result "1-0"]
[WhiteElo "2161"]
[BlackElo "1879"]
[PlyCount "109"]
[EventDate "2015.08.20"]
[EventType "team-tourn"]
[EventRounds "11"]
[EventCountry "SRB"]
[SourceTitle "EXT 2016"]
[Source "ChessBase"]
[SourceDate "2015.10.08"]
[SourceVersion "1"]
[SourceVersionDate "2015.10.08"]
[SourceQuality "1"]
[WhiteTeam "Novi Sad Kruzok (W)"]
[BlackTeam "Lestane (W)"]
[WhiteTeamCountry "SRB"]
[BlackTeamCountry "SRB"]

1. d4 Nf6 2. Nf3 e6 3. c4 b6 4. a3 Bb7 5. Nc3 d5 6. Bg5 Be7 7. Bxf6 Bxf6 8. cxd5 exd5 9. Qa4+ c6 10. g3 0-0 11. Bg2 Qe7 12. 0-0 Rd8 13. Rad1 Na6 14. Rfe1 c5 15. e4 dxe4 16. Nxe4 Bxe4 17. Nd2 Rxd4 18. Qxa6 Bd3 19. Qxd3 Rxd3 20. Rxe7 Rad8 21. Re3 Rxe3 22. fxe3 Bxb2 23. Kf2 Bxa3 24. Ke2 Bb4 25. Bc6 Kf8 26. Bb5 Ke7 27. Nc4 Rxd1 28. Kxd1 Ke6 29. Ke2 f5 30. Kd3 g5 31. Ba6 Kf6 32. Nd6 Be1 33. Ke2 Ba5 34. Bc8 Ke5 35. Nc4+ Kf6 36. Nd6 h5 37. Kd3 Be1 38. Nxf5 b5 39. Nd6 c4+ 40. Ke2 Bb4 41. Nxb5 a5 42. Nd4 Bc3 43. Ba6 a4 44. Bxc4 a3 45. Kd3 Bb4 46. Kc2 g4 47. Kb3 Bc5 48. Kc3 Bd6 49. Kd3 Kg5 50. Ke4 h4 51. Ne2 Bb4 52. Kd5 Kf6 53. e4 hxg3 54. hxg3 Ke7 55. e5 1-0

[Event "Grocka op"]
[Site "Grocka"]
[Date "2015.07.23"]
[Round "1"]
[White "Panic, Anastasija"]
[Black "Radusinovic, Lazar"]
[Result "0-1"]
[WhiteElo "1879"]
[BlackElo "2339"]
[PlyCount "74"]
[EventDate "2015.07.23"]
[EventType "swiss"]
[EventRounds "9"]
[EventCountry "SRB"]
[SourceTitle "EXT 2016"]
[Source "ChessBase"]
[SourceDate "2015.10.08"]
[SourceVersion "1"]
[SourceVersionDate "2015.10.08"]
[SourceQuality "1"]

1. d4 d5 2. c4 c6 3. Nc3 Nf6 4. Nf3 dxc4 5. a4 Bf5 6. e3 e6 7. Bxc4 Nbd7 8. 0-0 Bb4 9. Bd2 0-0 10. h3 h6 11. Qe2 Bh7 12. Rfd1 Qe7 13. Bd3 Bxd3 14. Qxd3 e5 15. Ne4 Nd5 16. dxe5 Nxe5 17. Qe2 a5 18. Nc3 Nxf3+ 19. Qxf3 Nb6 20. Qe4 Qc5 21. Rac1 Rfe8 22. Qg4 Qc4 23. e4 Qe6 24. Qg3 Nc4 25. b3 Nxd2 26. Rxd2 Qxb3 27. Rd7 Rad8 28. Rxb7 Qc4 29. Qf3 Re7 30. Rxe7 Bxe7 31. Qh5 Bg5 32. Rc2 Rd3 33. Qe2 Qd4 34. Qg4 Bf6 35. Ne2 Rd1+ 36. Kh2 Qxf2 37. Rxc6 Be5+ 0-1

[Event "Belgrade-chT"]
[Site "Belgrade"]
[Date "2014.05.08"]
[Round "3"]
[White "Panic, Anastasija"]
[Black "Milijanovic, Goran"]
[Result "0-1"]
[WhiteElo "1951"]
[BlackElo "2072"]
[PlyCount "96"]
[EventDate "2014.05.05"]
[EventType "swiss"]
[EventRounds "5"]
[EventCountry "SRB"]
[SourceTitle "CBM 160 Extra"]
[Source "ChessBase"]
[SourceDate "2014.07.01"]
[SourceVersion "1"]
[SourceVersionDate "2014.07.01"]
[SourceQuality "1"]

1. e4 g6 2. d4 Bg7 3. Nc3 d6 4. Be3 a6 5. Qd2 Nd7 6. f4 Ngf6 7. Nf3 b5 8. Bd3 Bb7 9. e5 b4 10. Ne2 Nd5 11. 0-0 0-0 12. Bf2 c5 13. dxc5 dxe5 14. f5 Qc7 15. fxg6 hxg6 16. Bc4 N7f6 17. Ng5 Qc6 18. Bxd5 Nxd5 19. Nf3 Rad8 20. Qg5 Nc7 21. Qh4 Ne6 22. Qxb4 Nd4 23. Nexd4 exd4 24. Rad1 e5 25. Ne1 Rd5 26. c3 Rxc5 27. cxd4 Rd5 28. Nf3 e4 29. Rc1 Qd7 30. Ne5 Bxe5 31. dxe5 Rd2 32. Be3 Rd3 33. Qb6 Rc8 34. Rxc8+ Bxc8 35. Bh6 Qe6 36. Qc5 Rd8 37. Bg5 Rd5 38. Qc7 Rxe5 39. Bf6 Rd5 40. Bc3 e3 41. Qg3 Qb6 42. Kh1 e2 43. Re1 Rf5 44. Qd3 Rf2 45. h4 Bf5 46. Qd5 Rf1+ 47. Kh2 Qg1+ 48. Kg3 Qf2+ 0-1

[Event "EU-ch (Women) 14th"]
[Site "Belgrade"]
[Date "2013.08.02"]
[Round "10"]
[White "Bogumil, Tatiana"]
[Black "Panic, Anastasija"]
[Result "1/2-1/2"]
[WhiteElo "2084"]
[BlackElo "1948"]
[PlyCount "76"]
[EventDate "2013.07.23"]
[EventType "swiss"]
[EventRounds "11"]
[EventCountry "SRB"]
[SourceTitle "CBM 155 Extra"]
[Source "ChessBase"]
[SourceDate "2013.08.26"]
[SourceVersion "1"]
[SourceVersionDate "2013.08.26"]
[SourceQuality "1"]

1. Nf3 d5 2. c4 c6 3. b3 Bg4 4. Ne5 Bh5 5. Bb2 Nf6 6. g3 e6 7. Bg2 Nbd7 8. 0-0 Be7 9. d4 0-0 10. Nd2 Nxe5 11. dxe5 Nd7 12. h3 f5 13. cxd5 cxd5 14. Nf3 Bxf3 15. Bxf3 g6 16. Bxd5 exd5 17. Qxd5+ Kh8 18. Rfd1 Nb6 19. Qxb7 Qe8 20. a4 Rd8 21. Qxa7 Nd5 22. Qb7 Nb4 23. Rac1 Kg8 24. Rxd8 Qxd8 25. Rc7 Qd1+ 26. Kh2 f4 27. Rxe7 fxg3+ 28. Kxg3 Qg1+ 29. Qg2 Qb1 30. Bd4 Qf5 31. Qb7 Qf4+ 32. Kg2 Qg5+ 33. Kh1 Qc1+ 34. Kh2 Qf4+ 35. Kg2 Qg5+ 36. Kh2 Qf4+ 37. Kh1 Qc1+ 38. Kg2 Qg5+ 1/2-1/2

[Event "EU-ch (Women) 14th"]
[Site "Belgrade"]
[Date "2013.07.31"]
[Round "8"]
[White "Gavasheli, Ana"]
[Black "Panic, Anastasija"]
[Result "1-0"]
[WhiteElo "2170"]
[BlackElo "1948"]
[PlyCount "63"]
[EventDate "2013.07.23"]
[EventType "swiss"]
[EventRounds "11"]
[EventCountry "SRB"]
[SourceTitle "CBM 155 Extra"]
[Source "ChessBase"]
[SourceDate "2013.08.26"]
[SourceVersion "1"]
[SourceVersionDate "2013.08.26"]
[SourceQuality "1"]

1. c4 Nf6 2. Nc3 e5 3. g3 g6 4. Bg2 Bg7 5. Nf3 d6 6. d4 exd4 7. Nxd4 0-0 8. 0-0 Nbd7 9. e4 Nc5 10. h3 c6 11. Bf4 Nh5 12. Be3 Ne6 13. Nf5 Nhf4 14. Nxd6 Nxg2 15. Kxg2 Qa5 16. Nxc8 Raxc8 17. Qc2 f5 18. exf5 gxf5 19. Ne2 Be5 20. f4 Bb8 21. Nd4 Nxd4 22. Bxd4 Rcd8 23. Qc3 Qxc3 24. Bxc3 h5 25. Rad1 Kf7 26. Kf3 Rg8 27. Rfe1 a6 28. Bb4 Rxd1 29. Rxd1 b5 30. cxb5 axb5 31. Rd7+ Ke6 32. Rh7 1-0

[Event "SRB-ch U20 Girls"]
[Site "Donji Milanovac"]
[Date "2012.07.29"]
[Round "8"]
[White "Velikic, Adela"]
[Black "Panic, Anastasija"]
[Result "0-1"]
[WhiteElo "1874"]
[BlackElo "1974"]
[PlyCount "71"]
[EventDate "2012.07.24"]
[EventType "tourn"]
[EventRounds "9"]
[EventCountry "SRB"]
[SourceTitle "CBM 149 Extra"]
[Source "ChessBase"]
[SourceDate "2012.08.24"]
[SourceVersion "1"]
[SourceVersionDate "2012.08.24"]
[SourceQuality "1"]

1. e4 c5 2. Nf3 d6 3. d4 cxd4 4. Nxd4 Nf6 5. Nc3 a6 6. Be2 e6 7. 0-0 Qc7 8. f4 Be7 9. Be3 Nbd7 10. Qe1 b5 11. a3 Bb7 12. Bf3 Rc8 13. Qg3 0-0 14. e5 Ne8 15. Rad1 Bxf3 16. Nxf3 dxe5 17. fxe5 Bc5 18. Bxc5 Qxc5+ 19. Kh1 Nb6 20. Qh4 Qc4 21. Qh5 f6 22. Rfe1 g6 23. Qh3 f5 24. Rd4 Qc6 25. Red1 Rc7 26. R1d3 h5 27. Qg3 Rg7 28. Rd8 Nd7 29. Nd4 Qb6 30. Rc8 Nc7 31. Rxc7 f4 32. Qh3 Qxc7 33. Nxe6 Qxe5 34. Rd1 Re8 35. Qh4 Rxe6 36. h3 0-1

[Event "SRB-ch U20 Girls"]
[Site "Donji Milanovac"]
[Date "2012.07.26"]
[Round "4"]
[White "Panic, Anastasija"]
[Black "Rakic, Teodora"]
[Result "0-1"]
[WhiteElo "1974"]
[BlackElo "1851"]
[PlyCount "90"]
[EventDate "2012.07.24"]
[EventType "tourn"]
[EventRounds "9"]
[EventCountry "SRB"]
[SourceTitle "CBM 149 Extra"]
[Source "ChessBase"]
[SourceDate "2012.08.24"]
[SourceVersion "1"]
[SourceVersionDate "2012.08.24"]
[SourceQuality "1"]

1. e4 c6 2. d4 d5 3. e5 Bf5 4. Be3 e6 5. Nd2 Nd7 6. Ngf3 h6 7. Be2 c5 8. c3 Ne7 9. dxc5 Nc6 10. b4 Ncxe5 11. 0-0 Be7 12. Nxe5 Nxe5 13. Bb5+ Nc6 14. Qa4 Qc8 15. Nf3 a6 16. Bxc6+ bxc6 17. Ne5 Bf6 18. Nxc6 Qd7 19. b5 Bd3 20. Nd4 Bxb5 21. Nxb5 Qxb5 22. Qxb5+ axb5 23. Bd4 Kd7 24. Rab1 Kc6 25. Rb2 Ra4 26. Rfb1 Rb8 27. Rd2 Rba8 28. Bxf6 gxf6 29. Rbb2 Kxc5 30. f3 Rc4 31. Rdc2 Kb6 32. Kf2 Rac8 33. Ke3 Rxc3+ 34. Rxc3 Rxc3+ 35. Kf4 Rc4+ 36. Ke3 Kc5 37. Kd3 b4 38. h3 Rc3+ 39. Kd2 Kc4 40. Ke2 d4 41. Kd2 e5 42. Ke2 f5 43. Kd2 e4 44. f4 d3 45. h4 h5 0-1

[Event "SRB-ch U20 Girls"]
[Site "Donji Milanovac"]
[Date "2012.07.24"]
[Round "2"]
[White "Panic, Anastasija"]
[Black "Zarkovic, Mila"]
[Result "1-0"]
[WhiteElo "1974"]
[BlackElo "1996"]
[PlyCount "79"]
[EventDate "2012.07.24"]
[EventType "tourn"]
[EventRounds "9"]
[EventCountry "SRB"]
[SourceTitle "CBM 149 Extra"]
[Source "ChessBase"]
[SourceDate "2012.08.24"]
[SourceVersion "1"]
[SourceVersionDate "2012.08.24"]
[SourceQuality "1"]

1. e4 c5 2. Nf3 e6 3. d4 cxd4 4. Nxd4 d6 5. Nc3 a6 6. Be3 Nc6 7. Qd2 Nf6 8. f3 Be7 9. 0-0-0 0-0 10. g4 Nd7 11. f4 Nxd4 12. Bxd4 b5 13. Kb1 Bb7 14. Bg2 Rc8 15. f5 Ne5 16. Bxe5 dxe5 17. fxe6 Qxd2 18. Rxd2 Bb4 19. Rd7 Bc6 20. exf7+ Rxf7 21. Rxf7 Kxf7 22. Nd5 Bxd5 23. exd5 Ke7 24. Rf1 Rf8 25. Rxf8 Kxf8 26. c3 Bd6 27. Kc2 a5 28. a3 b4 29. axb4 axb4 30. c4 Ke7 31. Kb3 Bc5 32. Ka4 Bd4 33. b3 Bc3 34. c5 Kd7 35. Kb5 Bd2 36. d6 g6 37. Kc4 Ke6 38. Bd5+ Kd7 39. Bg8 h6 40. Kd5 1-0